|
|
|
|
| LEADER |
00000cam a22000002c 4500 |
| 001 |
1174883758 |
| 003 |
DE-627 |
| 005 |
20250714121406.0 |
| 007 |
tu |
| 008 |
030514s1996 xx ||||| 00| ||ger c |
| 035 |
|
|
|a (DE-627)1174883758
|
| 035 |
|
|
|a (DE-576)104883758
|
| 035 |
|
|
|a (DE-599)BSZ104883758
|
| 035 |
|
|
|a (OCoLC)1452505508
|
| 040 |
|
|
|a DE-627
|b ger
|c DE-627
|e rakwb
|
| 041 |
|
|
|a ger
|
| 084 |
|
|
|a RD
|2 fivr
|
| 084 |
|
|
|a SG02.03
|2 fivs
|
| 084 |
|
|
|a 1
|a 0
|2 ssgn
|
| 245 |
0 |
0 |
|a Indianer Süd- und Mittelamerikas: die "Globalisierung" überleben
|
| 264 |
|
1 |
|a Göttingen
|b Gesellschaft für bedrohte Völker
|c 1996
|
| 300 |
|
|
|a 64 S.
|
| 336 |
|
|
|a Text
|b txt
|2 rdacontent
|
| 337 |
|
|
|a ohne Hilfsmittel zu benutzen
|b n
|2 rdamedia
|
| 338 |
|
|
|a Band
|b nc
|2 rdacarrier
|
| 490 |
1 |
|
|a Pogrom
|v 191
|
| 583 |
1 |
|
|a Archivierung prüfen
|c 20250503
|f DE-640
|z 3
|2 pdager
|
| 601 |
|
|
|a Globalisierung
|
| 650 |
|
4 |
|a Lateinamerika
|x Nationalitäten/Minoritäten
|
| 830 |
|
0 |
|a Pogrom
|v 191
|9 1996,191
|w (DE-627)13013791X
|w (DE-576)015676714
|w (DE-600)511691-0
|x 0720-5058
|7 am
|
| 935 |
|
|
|a mteo
|
| 936 |
f |
i |
|0 (DE-627)1756132348
|a RD
|b Lateinamerika
|k Lateinamerika
|2 fivr
|
| 936 |
f |
i |
|0 (DE-627)1756135940
|a SG02.03
|b Nationalitäten/Minoritäten
|k Gesellschaft
|k Gesellschaftsentwicklung/Gesellschaftsstruktur
|k Nationalitäten/Minoritäten
|2 fivs
|
| 951 |
|
|
|a BO
|
| ELC |
|
|
|b 1
|
| ITA |
|
|
|a 1
|t 1
|
| LOK |
|
|
|0 000 xxxxxcx a22 zn 4500
|
| LOK |
|
|
|0 001 4567026160
|
| LOK |
|
|
|0 003 DE-627
|
| LOK |
|
|
|0 004 1174883758
|
| LOK |
|
|
|0 005 20240816123648
|
| LOK |
|
|
|0 008 240816||||||||||||||||ger|||||||
|
| LOK |
|
|
|0 040
|a DE-21
|c DE-627
|d DE-21
|
| LOK |
|
|
|0 852
|a DE-21
|
| LOK |
|
|
|0 852 1
|c ZB 1918-181/192.1995/97
|9 00
|
| LOK |
|
|
|0 935
|a tub3
|a soko
|
| LOK |
|
|
|0 939
|a 16-08-24
|b l01
|
| LOK |
|
|
|0 000 xxxxxcx a22 zn 4500
|
| LOK |
|
|
|0 001 2426622962
|
| LOK |
|
|
|0 003 DE-627
|
| LOK |
|
|
|0 004 1174883758
|
| LOK |
|
|
|0 005 20181106084859
|
| LOK |
|
|
|0 008 050506||||||||||||||||ger|||||||
|
| LOK |
|
|
|0 040
|a DE-21-31
|c DE-627
|d DE-21-31
|
| LOK |
|
|
|0 541
|e 148/93
|
| LOK |
|
|
|0 852
|a DE-21-31
|
| LOK |
|
|
|0 852 1
|c Ze 796-187.198
|m p
|9 00
|
| LOK |
|
|
|0 866
|x 187-198 zusammengebunden
|
| LOK |
|
|
|0 938
|k p
|
| LOK |
|
|
|0 939
|a 06-05-05
|b l01
|
| ORI |
|
|
|a SA-MARC-ixtheoa001.raw
|
| REL |
|
|
|a 1
|
| STA |
0 |
0 |
|a Latin America,Latin America
|
| STB |
0 |
0 |
|a Amérique latine
|
| STC |
0 |
0 |
|a América Latina
|
| STD |
0 |
0 |
|a America latina
|
| STG |
0 |
0 |
|a América Latina
|
| STH |
0 |
0 |
|a Латинская Америка (мотив)
|
| STI |
0 |
0 |
|a Λατινική Αμερική (μοτίβο)
|
| SUB |
|
|
|a REL
|
| SYE |
0 |
0 |
|a Iberoamerika
|